| 000 | 00834nam a2200277 a 4500 | ||
|---|---|---|---|
| 001 | 37041 | ||
| 003 | (BD-RjU | ||
| 005 | 20211209052554.0 | ||
| 008 | 141012s1995 enk b 001 0 eng d | ||
| 020 | _a0521551366 | ||
| 020 | _a0521558980 (pbk.) | ||
| 020 | _a0521565413 (lowprice paperback) | ||
| 035 | _a(BD-RjUL) | ||
| 040 |
_aBD-RjUL _beng _cBD-RjUL |
||
| 041 | _aeng | ||
| 082 |
_a808.0665 _219 _bDAH 1995 |
||
| 100 | 1 |
_aDay, Robert A., _d1924- _9111733 |
|
| 245 | 1 | 0 |
_aHow to write & publish a scientific paper / _cRobert A. Day |
| 250 | _a4th ed | ||
| 260 |
_aCambridge : _bCambridge University Press, _c1995 |
||
| 300 |
_axiv, 223 p. : _bill. ; _c23 cm |
||
| 500 | _aIncludes bibliography and index | ||
| 650 | 0 |
_aTechnical writing _9113225 |
|
| 740 | 0 | _aHow to write and publish a scientific paper | |
| 942 |
_2ddc _cBK |
||
| 999 |
_c37041 _d37041 |
||